| 000 | 00751nam a2200229 a 4500 | ||
|---|---|---|---|
| 005 | 20220527131711.0 | ||
| 008 | 040226s2002 mx r 000 0 spa d | ||
| 020 | _a846630553X | ||
| 035 | _aUPN01000132217 | ||
| 049 | _aCG | ||
| 050 | 4 |
_aDS759.35 W3.7 _bC3.7 |
|
| 100 | 1 |
_aCarr, Caleb, _d1955 - |
|
| 245 | 1 | 3 |
_aEl soldado del diablo / _cCaleb Carr ; tr. María Eugenia Ciocchini. |
| 260 |
_aMadrid : _bSuma de Letras, _c2002. |
||
| 300 |
_a553 p. _bil. |
||
| 440 | 0 |
_aPunto de lectura _v49.3 |
|
| 534 |
_pTraducción de: _tThe devil soldier |
||
| 600 | 1 | 4 |
_aWARD, FREDERICK TOWNSEND, _d1831-1862 - _vNOVELA |
| 650 | 0 |
_aNovela histórica _914465 |
|
| 651 | 4 |
_aCHINA - _xHISTORIA - _yREBELION DE TAIPING, 1850-1864 - _vNOVELA _911880 |
|
| 905 | _aLibro | ||
| 999 |
_c104372 _d104372 |
||